000 00418nam a2200157 4500
001 45578
090 _a45578
100 _a20260127 pory50
101 _apor
102 _aPT
200 _aThe Amazing wold of Gumball
_eprocura e encontra
_fTurner Broadcasting Sytem Europe
210 _a[S.l.]
_cGoody S.A.
_cimp. Printer
_d[D.L. 2016]
215 _a29, [2] p.
_cil.
675 _a087.5
801 _aPT
_gRPC
990 _cLIVROS